| 000 | 00731nam a2200253Ia 4500 | ||
|---|---|---|---|
| 003 | OSt | ||
| 005 | 20220928124511.0 | ||
| 006 | a|||||r|||| 00| 0 | ||
| 007 | ta | ||
| 008 | 220927b |||||||| |||| 00| 0 eng d | ||
| 020 | _c2730.7665000000002 | ||
| 024 | _a118047 | ||
| 037 |
_b176, 20/09/2012, Classic Book Service _cTextual |
||
| 040 |
_aSDCL _cSDCL _beng |
||
| 041 |
_2eng _aeng |
||
| 082 | _aS:523, Q2 | ||
| 100 |
_aBannink Fredrike _9449468 |
||
| 245 | 0 | _aPracticing Positive CBT | |
| 260 |
_aChichester _bJohn Wiley _c2012 |
||
| 300 |
_axvi,304p _ccm. |
||
| 650 | _aPsychology | ||
| 942 |
_hS:523, Q2 _cTEXL _2CC |
||
| 999 |
_c778688 _d778688 |
||